000 00305nam a22001457a 4500
008 210427b ||||| |||| 00| 0 eng d
020 _a2900077861024
041 _aeng
080 _a339.138
082 _a339.138
100 _a60
101 _aMAR
245 _aMarketing
_cGrewal,
942 _2udc
_cBK
999 _c56804
_d56804